000 00638nam a2200205 4500
008 b xx# ara u
010 _a35866/8-35874
040 _aLB-BrCRDP
082 _a892.7/A964q
100 1 _a. عواد، توفيق يوسف
130 0 _lAR
240 _aKawafel Alzaman
245 1 0 _a. قوافل الزمان او قصائد البيتين
_cتوفيق يوسف عواد
260 _aبيروت
_bمؤسسة بدران
_c1973
300 _a226 ص. ؛
_c22 سم.
650 _aالادب اللبناني
700 0 _aToufic Yousef Awwad
942 _cBK
999 _c14460
_d14460